Nguyễn Đình Chiểu tấm gương yêu nước và lao động nghệ thuật Kỉ niệm lần thứ 150 ngày sinh của nhà thơ (1822-1972)

Đã lưu trong:
书目详细资料
格式: 图书
语言:Undetermined
出版: Hà Nội KHXH 1972
主题:
标签: 添加标签
没有标签, 成为第一个标记此记录!
Thư viện lưu trữ: Trung tâm Học liệu Trường Đại học Cần Thơ
LEADER 00631nam a2200157Ia 4500
001 CTU_46972
008 210402s9999 xx 000 0 und d
082 |a 895.9221092 
082 |b Ng527/1973 
245 0 |a Nguyễn Đình Chiểu tấm gương yêu nước và lao động nghệ thuật 
245 0 |b Kỉ niệm lần thứ 150 ngày sinh của nhà thơ (1822-1972) 
260 |a Hà Nội 
260 |b KHXH 
260 |c 1972 
650 |a vietnamese literature - 19th century - history and criticism,vietnamese literature - biography 
980 |a Trung tâm Học liệu Trường Đại học Cần Thơ